000
00321nam a22001457a 4500
003
SGT
082
_a
347.50954,BHA
100
_a
BHAGAT,Y.P
245
_a
CODE OF CIVIL PROCEDURE
250
_a
1ST
260
_a
NEW DELHI
_b
UNIVERSAL BOOKS
_c
2012
300
_a
1042
650
_a
CIVIL PROCEDURE & COURTS
942
_2
ddc
_c
BK
999
_c
9750
_d
9750